000 00475nam a2200181Ia 4500
005 20260430133741.0
008 260429s9999||||xx |||||||||||||| ||und||
020 _a9780077121778
082 _a338
_bMOR
100 _aMorgan, Wyn
245 0 _aMicroeconomics /
_cWyn Morgan
250 _a2nd ed.
260 _aBoston :
_bMcGraw-Hill Higher Education,
_c2009.
300 _axxvi, 749 p.; pbk
700 _a Katz, Michael L.
700 _a Rosen, Harvey S.
942 _cCU
999 _c53820
_d53820